000 00397nam a2200169Ia 4500
008 230524s9999 xx 000 0 und d
020 _a8177586548
082 _a658.45
_bSHA
100 _aJ.K.Sharma
245 0 _aBusiness Statistics
250 _a2ND
260 _aNEW DELHI
_bPearson
_c2008
300 _aXVIII;732
500 _aQuantity Number: 10
650 _aManagement
942 _cBK
999 _c38518
_d38518